100 Biggest Cities of the Habsburg Empire of Charles V in Europe - Statistics

General Stats
  • This quiz has been taken 968 times
  • The average score is 34 of 100
Answers on the Map
Answers color-coded by a green-red scale on the quiz's map according to % correct below.
 
Answer Stats
Population City % Correct
185,000 Naples
97%
29,000 Madrid
96%
30,000 Amsterdam
95%
25,000 Barcelona
95%
110,000 Milan
93%
42,000 Prague
93%
70,000 Valencia
93%
41,000 Brussels
92%
32,000 Vienna
92%
76,000 Palermo
91%
78,000 Seville
91%
38,000 Antwerp
88%
11,000 Bari
79%
31,000 Bruges
78%
37,000 Ghent
78%
22,000 Zaragoza
78%
23,000 Granada
76%
14,000 Palma de Mallorca
76%
33,000 Córdoba
74%
25,000 Utrecht
74%
29,000 Lille
71%
11,000 Syracuse
68%
51,000 Toledo
68%
50,000 Messina
67%
20,000 Catania
65%
12,000 Groningen
58%
13,000 Murcia
58%
24,000 Breslau
57%
35,000 Valladolid
54%
13,000 Taranto
50%
11,000 Plzeň
47%
13,000 Maastricht
44%
14,000 Haarlem
41%
17,000 Salamanca
40%
26,000 Lecce
34%
12,000 Leiden
34%
11,000 Como
33%
25,000 Jaén
32%
13,000 Sassari
32%
18,000 Jerez de la Frontera
31%
11,000 Badajoz
30%
12,000 Leuven
28%
10,000 Nijmegen
28%
20,000 Pavia
27%
14,000 Delft
26%
10,000 Debrecen
24%
10,000 Monza
24%
11,000 Olomouc
24%
18,000 Den Bosch
23%
15,000 Mons
23%
40,000 Cremona
22%
17,000 Segovia
21%
15,000 Trapani
21%
15,000 Arras
20%
17,000 Mechelen
20%
11,000 Dordrecht
19%
26,000 Tournai
19%
11,000 Alessandria
17%
11,000 Gouda
17%
15,000 Valenciennes
17%
11,000 Ávila
15%
11,000 Cambrai
15%
14,000 Cuenca
15%
11,000 Douai
14%
10,000 Görlitz
13%
14,000 Palencia
13%
13,000 Enna
12%
12,000 Matera
12%
11,000 Barletta
11%
11,000 Lodi
11%
10,000 Alcalá de Henares
10%
10,000 Glogów
10%
10,000 Kutná Hora
9%
10,000 Crema
8%
21,000 Úbeda
8%
20,000 Écija
7%
19,000 Baeza
6%
10,000 Modica
6%
15,000 Plasencia
6%
14,000 Antequera
5%
14,000 Medina del Campo
5%
13,000 Tropea
5%
11,000 Caltagirone
4%
11,000 Gravina in Puglia
4%
10,000 San Severo
4%
10,000 Utrera
4%
10,000 Xàtiva
4%
14,000 Alcázar de San Juan
3%
12,000 Baena
3%
15,000 Nicosia
3%
14,000 Piazza Armerina
3%
12,000 Andújar
2%
10,000 Cava de' Tirreni
2%
10,000 Estepa
2%
14,000 Medina de Rioseco
2%
12,000 Ocaña
2%
10,000 Osuna
2%
12,000 Schwaz
2%
10,000 Scicli
2%
10,000 San Filippo del Mela
1%
No matching quizzes found
Score Distribution
Percent of People with Each Score
Percentile by Number Answered
Your Score History
You have not taken this quiz